000 01125pam a2200337 i 4500
999 _c2680
_d2680
001 018636427
003 Uk
005 20230809155218.0
008 171005s2018 enk b 001|0|eng|d
020 _a9781611855128
_qpaperback
040 _aStDuBDS
_beng
_cStDuBDS
_dUk
_dKH8
_erda
042 _aukblcatcopy
082 0 4 _a951.04 SNO
100 1 _aSnow, Edgar,
_d1905-1972,
_eauthor.
245 1 0 _aRed star over China /
_cEdgar Snow.
250 _aFirst Revised and Enlarged Edition.
264 1 _aLondon :
_bGrove Press UK,
_c2018.
300 _a544 pages ;
_c5.5 x 1.5 x 8.25 inches.
336 _atext
_2rdacontent
337 _aunmediated
_2rdamedia
338 _avolume
_2rdacarrier
500 _a"The classic account of the birth of Chinese Communism"--Front cover.
500 _aPrevious edition: London: Gollancz, 1937.
500 _aFormerly CIP.
_5Uk
504 _aIncludes bibliographical references and index.
530 _aAlso issued online.
650 0 _aCommunism
_zChina.
651 0 _aChina
_xHistory
_yRepublic, 1912-1949.
942 _2ddc
_cTR